<?xml version="1.0" encoding="UTF-8"?>
<record
    xmlns:xsi="http://www.w3.org/2001/XMLSchema-instance"
    xsi:schemaLocation="http://www.loc.gov/MARC21/slim http://www.loc.gov/standards/marcxml/schema/MARC21slim.xsd"
    xmlns="http://www.loc.gov/MARC21/slim">

  <leader>00632nam a2200181Ia 4500</leader>
  <controlfield tag="001">8612</controlfield>
  <controlfield tag="005">20260306160622.0</controlfield>
  <controlfield tag="008">260306t2013||||xx |||||||||||||| ||spa||</controlfield>
  <datafield tag="041" ind1=" " ind2=" ">
    <subfield code="a">ESP</subfield>
  </datafield>
  <datafield tag="082" ind1=" " ind2=" ">
    <subfield code="a">371.2</subfield>
    <subfield code="b">I59</subfield>
  </datafield>
  <datafield tag="100" ind1=" " ind2=" ">
    <subfield code="a">Instituto Peruano de Evaluaci&#xF3;n, Acreditaci&#xF3;n y Certificaci&#xF3;n de la Calidad de la Educaci&#xF3;n B&#xE1;sica</subfield>
    <subfield code="e">AUT</subfield>
  </datafield>
  <datafield tag="245" ind1=" " ind2="0">
    <subfield code="a">&#xBF;Qu&#xE9; y c&#xF3;mo evaluamos la gesti&#xF3;n de la instituci&#xF3;n educativa?:</subfield>
    <subfield code="b">matriz y gu&#xED;a de autoevaluaci&#xF3;n de la gesti&#xF3;n educativa de instituciones de educaci&#xF3;n b&#xE1;sica regular</subfield>
  </datafield>
  <datafield tag="260" ind1=" " ind2=" ">
    <subfield code="c">2013</subfield>
  </datafield>
  <datafield tag="300" ind1=" " ind2=" ">
    <subfield code="a"></subfield>
    <subfield code="c"></subfield>
  </datafield>
  <datafield tag="650" ind1=" " ind2=" ">
    <subfield code="a">GEN</subfield>
  </datafield>
  <datafield tag="654" ind1=" " ind2=" ">
    <subfield code="a">CED</subfield>
  </datafield>
  <datafield tag="942" ind1=" " ind2=" ">
    <subfield code="c">LIB</subfield>
    <subfield code="d">JUS</subfield>
    <subfield code="f">JUS</subfield>
    <subfield code="2">ddc</subfield>
    <subfield code="n"></subfield>
  </datafield>
  <datafield tag="999" ind1=" " ind2=" ">
    <subfield code="c">8612</subfield>
    <subfield code="d">8612</subfield>
  </datafield>
  <datafield tag="952" ind1=" " ind2=" ">
    <subfield code="o">371.2 I59</subfield>
    <subfield code="p">1011396</subfield>
    <subfield code="8">UCSP</subfield>
    <subfield code="t">5</subfield>
    <subfield code="7">0</subfield>
    <subfield code="5">2</subfield>
    <subfield code="b">VAB</subfield>
    <subfield code="a">VAB</subfield>
    <subfield code="c">PBA</subfield>
    <subfield code="d">2026-06-03</subfield>
    <subfield code="e">1</subfield>
    <subfield code="r">2026-03-06 21:06:22</subfield>
    <subfield code="l">0</subfield>
    <subfield code="w">2026-03-06</subfield>
    <subfield code="y">LIB</subfield>
    <subfield code="1">0</subfield>
    <subfield code="2">ddc</subfield>
    <subfield code="4">0</subfield>
    <subfield code="0">0</subfield>
  </datafield>
</record>
